000 00608nam a22002297a 4500
999 _c377218
_d377218
001 90926
003 UA-OsUOA
005 20191227092241.0
007 ta
008 20121120b un ||||| |||| 00| 0 ukr d
040 _aUA-OsUOA
_bukr
_cUA-OsUOA
_dUA-OsUOA
041 _aukr
080 _a821.161.2
090 _a821.161.2
_bР49
100 _aРибак Н.
245 _aДніпро
_bроман
260 _aК.
_bРадянський письменник
_c1976
300 _a470 с.
650 7 _a82 Література. Літературознавство
_2UDC
942 _cBK
_2udc
955 _a2